La Habana, Cuba El Hotel Nacional de Cuba
Zobrazenie: Pohľad na budovy hotela
| Format: | Postcard |
|---|---|
| Language: | French English |
| PhysicalDescription: | 1 pohľadnica farebná 9 x 14 cm |
| Published: |
[USA?]
[vydavateľ neznámy]
[medzi 1905 a 1973?]
|
| Subjects: |
MARC
| LEADER | 00000nkm a2200000 a 4500 | ||
|---|---|---|---|
| 001 | vtls011825743 | ||
| 003 | SK-MaSNL | ||
| 005 | 20260512124205.0 | ||
| 007 | kp co | ||
| 008 | 200623q1905 xxu g |uenk|fre | ||
| 015 | |a SNBG | ||
| 040 | |a SNK |b slo |c SNK |e AACR2 | ||
| 041 | 0 | |a fre |a eng | |
| 043 | |a nwcu--- | ||
| 044 | |a xxu |c US | ||
| 072 | 7 | |a 913(4) |x Geografia Európy, reálie, cestovanie |2 konspekt | |
| 080 | |a 913(4) |2 2011 | ||
| 080 | |a (084.121) |2 2011 | ||
| 080 | |a (729.1) |2 2011 | ||
| 245 | 0 | 0 | |a La Habana, Cuba |h grafika |b El Hotel Nacional de Cuba |
| 246 | 3 | 1 | |a Havana, Cuba |b The 550 room Hotel Nacional de Cuba |
| 246 | 3 | 3 | |a An Intercontinental hotel |
| 260 | |a [USA?] |b [vydavateľ neznámy] |c [medzi 1905 a 1973?] | ||
| 300 | |a 1 pohľadnica |b farebná |c 9 x 14 cm | ||
| 520 | 8 | |a Zobrazenie: Pohľad na budovy hotela | |
| 651 | 7 | |a Havana (Kuba) |2 SNKPHgeo |9 56220 | |
| 655 | 7 | |a pohľadnice |2 SNKPH |9 70741 | |
| 958 | |a OND | ||
| 958 | |a GBN | ||
| 958 | |a GC | ||
| 999 | |c 858915 |d 860845 | ||
| 952 | |a SNK |b SNK |y PREZ |7 0 |p 17A1236422 |o snkSP 42429 |0 0 |1 0 |4 0 |d 2018-11-27 |l 0 |r 2026-02-24 05:04:48 |w 2026-02-24 | ||


